<?xml version="1.0" encoding="UTF-8"?>
<record
    xmlns:xsi="http://www.w3.org/2001/XMLSchema-instance"
    xsi:schemaLocation="http://www.loc.gov/MARC21/slim http://www.loc.gov/standards/marcxml/schema/MARC21slim.xsd"
    xmlns="http://www.loc.gov/MARC21/slim">

  <leader>02281nam a2200313 i 4500</leader>
  <controlfield tag="001">768714001</controlfield>
  <controlfield tag="003">CO-MdFUSB</controlfield>
  <controlfield tag="005">20210415112040.0</controlfield>
  <controlfield tag="007">ta</controlfield>
  <controlfield tag="008">200623t2008    ck  |||| |||| 00| 0 spa d</controlfield>
  <datafield tag="020" ind1=" " ind2=" ">
    <subfield code="a">9789584508362</subfield>
  </datafield>
  <datafield tag="040" ind1=" " ind2=" ">
    <subfield code="a">CO-MdFUSB</subfield>
    <subfield code="b">spa</subfield>
    <subfield code="c">CO-MdFUSB</subfield>
    <subfield code="d">CO-MdFUSBC</subfield>
    <subfield code="e">rda</subfield>
  </datafield>
  <datafield tag="041" ind1=" " ind2=" ">
    <subfield code="a">spa</subfield>
  </datafield>
  <datafield tag="082" ind1=" " ind2=" ">
    <subfield code="2">23</subfield>
    <subfield code="a">864</subfield>
    <subfield code="b">OS83</subfield>
  </datafield>
  <datafield tag="100" ind1=" " ind2=" ">
    <subfield code="a">Ospina, William.</subfield>
    <subfield code="e">autor</subfield>
  </datafield>
  <datafield tag="245" ind1=" " ind2="3">
    <subfield code="a">La escuela de la noche</subfield>
    <subfield code="c">/ William Ospina </subfield>
  </datafield>
  <datafield tag="264" ind1=" " ind2="1">
    <subfield code="a">Bogota : </subfield>
    <subfield code="b">Norma,</subfield>
    <subfield code="c">[2008]</subfield>
  </datafield>
  <datafield tag="264" ind1=" " ind2="4">
    <subfield code="c">&#xA9;2008</subfield>
  </datafield>
  <datafield tag="300" ind1=" " ind2=" ">
    <subfield code="c">200 p&#xE1;ginas ; </subfield>
    <subfield code="a">23 cm</subfield>
  </datafield>
  <datafield tag="336" ind1=" " ind2=" ">
    <subfield code="2">rdacontent</subfield>
    <subfield code="a">texto</subfield>
    <subfield code="b">txt</subfield>
  </datafield>
  <datafield tag="337" ind1=" " ind2=" ">
    <subfield code="2">rdamedia</subfield>
    <subfield code="a">sin mediaci&#xF3;n</subfield>
    <subfield code="b">n</subfield>
  </datafield>
  <datafield tag="338" ind1=" " ind2=" ">
    <subfield code="2">rdacarrier</subfield>
    <subfield code="a">volumen</subfield>
    <subfield code="b">nc</subfield>
  </datafield>
  <datafield tag="505" ind1=" " ind2=" ">
    <subfield code="a">Pr&#xF3;logo - Grecia : donde el cuerpo era el alma -- La belleza de la espada  -- Las ciudades en la poes&#xED;a -- La novela y la historia -- El sentido del libro -- Tango y poes&#xED;a -- Borges y el tango -- La infancia, la muerte y la belleza -- Este esti&#xE9;rcol -- Es artista y sus dioses -- H&#xF6;lderlin y los u'wa -- La Escula de la noche.</subfield>
  </datafield>
  <datafield tag="520" ind1="2" ind2=" ">
    <subfield code="a">Uno oye decir continuamente que la soluci&#xF3;n de los problemas de su pa&#xED;s, que la soluci&#xF3;n de los problemas del mundo, est&#xE1; en la educaci&#xF3;n. La tesis parece evidente, pero, &#xBF;de qu&#xE9; educaci&#xF3;n hablamos? Hasta los funcionarios de la Santa Inquisici&#xF3;n ten&#xED;an m&#xE9;todos educativos, la Alemania nazi publicaba cartillas para ense&#xF1;ar el antisemitismo(...) &#xBF;Qu&#xE9; pasar&#xED;a s&#xED;, a&#xFA;n admitiendo que la educaci&#xF3;n es la soluci&#xF3;n de muchos problemas, tuvieramos que aceptar que la educaci&#xF3;n, cierto tipo de educaci&#xF3;n? !Qu&#xE9; apasionante desaf&#xED;o para la inteligencia, no limitarnos a celebrar la educaci&#xF3;n en abstracto, sino exigirnos una nueva idea sobre lo que la educaci&#xF3;n deber&#xED;a ser!"
&#xBF;C&#xF3;mo disitinguir entre la disciplina que forma seres con principios y responsabilidades y la arbitrariedad que forma seres sumisos y negligentes? Esta y otras preguntas esenciales hacen  parte de este volumen de ensayos de William Ospina. A partir de su generosa erudici&#xF3;n. Ospina lleva al lector a meditar sobre temas tan fundamentales como la guerra, la poes&#xED;a, la ciudad, la infancia y la educaci&#xF3;n, aportando siempre valiosas y esclarecedoras reflexiones.</subfield>
  </datafield>
  <datafield tag="563" ind1=" " ind2=" ">
    <subfield code="a">R&#xFA;stico</subfield>
  </datafield>
  <datafield tag="650" ind1=" " ind2="0">
    <subfield code="9">984</subfield>
    <subfield code="a">Educaci&#xF3;n</subfield>
  </datafield>
  <datafield tag="942" ind1=" " ind2=" ">
    <subfield code="c">BK</subfield>
  </datafield>
  <datafield tag="945" ind1=" " ind2=" ">
    <subfield code="a">Dani</subfield>
  </datafield>
  <datafield tag="952" ind1=" " ind2=" ">
    <subfield code="0">0</subfield>
    <subfield code="1">0</subfield>
    <subfield code="2">ddc</subfield>
    <subfield code="4">0</subfield>
    <subfield code="7">0</subfield>
    <subfield code="8">GEN</subfield>
    <subfield code="a">FUSBC</subfield>
    <subfield code="b">FUSBC</subfield>
    <subfield code="d">2020-06-23</subfield>
    <subfield code="l">0</subfield>
    <subfield code="o">G 864 OS83e</subfield>
    <subfield code="p">14315</subfield>
    <subfield code="r">2020-06-23 00:00:00</subfield>
    <subfield code="t">Ej.1</subfield>
    <subfield code="w">2020-06-23</subfield>
    <subfield code="y">BK</subfield>
    <subfield code="k">14</subfield>
    <subfield code="I">INV2023</subfield>
  </datafield>
  <datafield tag="999" ind1=" " ind2=" ">
    <subfield code="c">66234</subfield>
    <subfield code="d">66234</subfield>
  </datafield>
</record>
